| 000 | 00826nam a2200205 a 4500 | ||
|---|---|---|---|
| 005 | 20140412111232.0 | ||
| 008 | 020416s19uu xx 00 eng d | ||
| 020 | _a0-394-89695-5 | ||
| 050 |
_aM 636.7'3 _bS11 1989 |
||
| 100 | _aStandiford, Natalie | ||
| 245 |
_aThe bravest dog ever : _bthe true story of Balto / _cby Natalie Standiford; illustratd by Donald Cook. |
||
| 260 |
_aNew York : _bRandom House, _c1989. |
||
| 300 | _a47 p. ; ill. | ||
| 440 | _aStep into Reading, Grades 1-2, bk. 2 | ||
| 520 | _aRecounts the life of Balto, the sled dog who saved Nome, Alaska in 1925 from diptheria epidemic be delivering medicine through a raging snowstorm. | ||
| 650 |
_aBalto (Dog) _xJuvenile literature |
||
| 650 |
_aSled dogs _xAlaska _xNome _xBiography |
||
| 650 |
_aDiptheria _xAlaska _xNome _xPrevention |
||
| 999 |
_c102190 _d102190 |
||